000 00623nam a2200217 a 4500
005 20240831063721.0
008 081119s2004 es r 000 0 spa d
020 _a8493330078
035 _aUPN01000168018
049 _aI
050 4 _aPZ74
_bC3.6
100 1 _aCabello López, Lutz
_936289
245 1 3 _aEl país de babia /
_bLutz Cabello ; il. Moisés Jiménez Jaime.
260 _aAndalucía, Esp. :
_bMater,
_c2004.
300 _a23 p. :
_bil.
440 3 _aEl hada y el duende
650 0 _aCuentos de hadas
_95259
650 4 _aCuentos infantiles españoles
_97725
905 _aInfantil
999 _c140127
_d140127